| 000 | 00571cam a2200205ua 4500 | ||
|---|---|---|---|
| 001 | 4236 | ||
| 005 | 20260515113814.0 | ||
| 008 | 111223n ii |||gr||||Z||||||asm | ||
| 040 | _cMAIN | ||
| 082 | _a891.4518 | ||
| 100 | _aPhookan, Anandaram Dhekial, | ||
| 245 | 1 | 1 |
_aAsamiya larar mitra _cby Anandaram Dhekial Phookan |
| 250 | _a2nd. | ||
| 260 |
_aGuwahati: _bAnandoram barooah institute o language,999. |
||
| 300 |
_a246p: _c23cm. |
||
| 653 | _aAssamese traveller | ||
| 653 | _aAsamiya larar mitra | ||
| 700 |
_aBhuyan, Jogendra Narayan, _eEditor., |
||
| 942 | _cBK | ||
| 999 |
_c4053 _d4053 |
||